Data conversion handbook / (Record no. 213318)
[ view plain ]
| 000 -LEADER | |
|---|---|
| fixed length control field | 01228 a2200253 4500 |
| 003 - CONTROL NUMBER IDENTIFIER | |
| control field | Nust |
| 005 - DATE AND TIME OF LATEST TRANSACTION | |
| control field | 20220815114513.0 |
| 010 ## - LIBRARY OF CONGRESS CONTROL NUMBER | |
| LC control number | 2005274687 |
| 020 ## - INTERNATIONAL STANDARD BOOK NUMBER | |
| International Standard Book Number | 0750678410 (alk. paper) |
| 035 ## - SYSTEM CONTROL NUMBER | |
| System control number | (OCoLC)ocm57707468 |
| 040 ## - CATALOGING SOURCE | |
| Transcribing agency | Nust |
| 082 00 - DEWEY DECIMAL CLASSIFICATION NUMBER | |
| Classification number | 621.38159,THE |
| 245 00 - TITLE STATEMENT | |
| Title | Data conversion handbook / |
| Statement of responsibility, etc. | Editor Walter Kester, |
| 260 ## - PUBLICATION, DISTRIBUTION, ETC. | |
| Place of publication, distribution, etc. | Amsterdam ; |
| -- | Boston : |
| Name of publisher, distributor, etc. | Elsevier ; |
| -- | Newnes, |
| Date of publication, distribution, etc. | c2005. |
| 300 ## - PHYSICAL DESCRIPTION | |
| Extent | xxi, 953 p. : |
| Other physical details | ill. ; |
| Dimensions | 25 cm. |
| 440 #0 - SERIES STATEMENT/ADDED ENTRY--TITLE | |
| Title | Analog Devices series |
| 9 (RLIN) | 97154 |
| 505 ## - FORMATTED CONTENTS NOTE | |
| Formatted contents note | Data converter history (Page-3), Fundamentals of sampled data systems (Page-57), Data converter architectures (Page-147), Data converter process technology (Page-257), Testing data converters (Page-283), Interfacing to data converters (Page-359), Data converter support circuits (Page-443), Data converter applications (Page-539), Hardware design techniques (Page-709), |
| 650 #0 - SUBJECT ADDED ENTRY--TOPICAL TERM | |
| Topical term or geographic name entry element | Telecommunication Engineering. |
| 700 1# - ADDED ENTRY--PERSONAL NAME | |
| Personal name | Kester, Walt. |
| 9 (RLIN) | 97155 |
| 710 2# - ADDED ENTRY--CORPORATE NAME | |
| Corporate name or jurisdiction name as entry element | Analog Devices, inc. |
| 9 (RLIN) | 97156 |
| 856 42 - ELECTRONIC LOCATION AND ACCESS | |
| Materials specified | Publisher description |
| Uniform Resource Identifier | <a href="http://www.loc.gov/catdir/enhancements/fy0626/2005274687-d.html">http://www.loc.gov/catdir/enhancements/fy0626/2005274687-d.html</a> |
| 856 42 - ELECTRONIC LOCATION AND ACCESS | |
| Materials specified | Table of contents only |
| Uniform Resource Identifier | <a href="http://www.loc.gov/catdir/enhancements/fy0626/2005274687-t.html">http://www.loc.gov/catdir/enhancements/fy0626/2005274687-t.html</a> |
| 942 ## - ADDED ENTRY ELEMENTS (KOHA) | |
| Koha item type | Reference |
| Source of classification or shelving scheme | |
| Withdrawn status | Lost status | Source of classification or shelving scheme | Damaged status | Not for loan | Permanent Location | Current Location | Shelving location | Date acquired | Full call number | Barcode | Date last seen | Price effective from | Koha item type | Public note |
|---|---|---|---|---|---|---|---|---|---|---|---|---|---|---|
| Military College of Signals (MCS) | Military College of Signals (MCS) | Reference | 12/12/2016 | 621.38159,THE | MCS32431 | 12/08/2016 | 12/12/2016 | Reference | Almirah No.21, Shelf No.5 |
